[Event "Tourn. n8853"]
[Site "www.chess-mail.com"]
[Date "2016.07.24"]
[Round "1"]
[White "Jhzes"]
[Black "Xkafi"]
[WhiteElo "1860"]
[BlackElo "1890"]
[Result "0-1"]
[Round "1"]
1.c4 e5
2.Ng1f3 Nb8c6
3.e3 Bf8b4
4.a3 Bb4d6
5.b4 a6
6.c5 Bd6e7
7.g3 d6
8.Bf1c4 Bc8g4
9.h3 Bg4h5
10.g4 Bh5g6
11.Nb1c3 h5
12.Nf3h2 hxg4
13.Nh2xg4 Bg6h5
14.Rh1g1 f5
15.d4 fxg4
16.hxg4 Bh5g6
17.d5 Nc6b8
18.Qd1f3 Nb8d7
19.c6 bxc6
20.dxc6 Nd7b6
21.Bc4e6 Ng8f6
22.g5 Nf6h5
23.Nc3d5 Nb6xd5
24.Be6d7 Qd8xd7
25.cxd7 Kxd7
26.Qf3xd5 Rh8f8
27.Bc1b2 c6
28.Qd5g2 Rf8f5
29.Qg2g4 Kc7
30.Qg4c4 Bg6f7
31.Qc4c2 g6
32.Ra1c1 Bf7e8
33.Rg1g4 Be7xg5
34.Rg4c4 Ra8a7
35.Rc4xc6 Be8xc6
36.Qc2xc6 Kd8
37.Qc6xd6 Ra7d7
38.Qd6b6 Ke7
39.Qb6xa6 Nh5f6
40.Rc1c6 Bg5h4
41.Rc6e6 Kf7
42.Bb2xe5 Rf5xf2
43.e4 Rf2a2
{ resign }
0-1

[Event "Match"]
[Site "www.echecsemail.com"]
[Date "2016.07.24"]
[Round "1"]
[White "Whitekknight"]
[Black "Godrad"]
[WhiteElo "1910"]
[BlackElo "1809"]
[Result "1-0"]
[Round "1"]
1.e4 e5
2.Ng1f3 Nb8c6
3.Bf1c4 Ng8f6
4.Nf3g5 Bf8c5
5.O-O O-O
6.Nb1c3 Nc6d4
7.Nc3e2 d5
8.exd5 b5
9.Bc4d3 e4
10.Ng5xe4 Nf6xe4
11.Bd3xe4 Nd4xe2
{ time. }
1-0

[Event "Match"]
[Site "www.echecsemail.com"]
[Date "2016.07.24"]
[Round "1"]
[White "Godrad"]
[Black "Gimmyg"]
[WhiteElo "1809"]
[BlackElo "2510"]
[Result "0-1"]
[Round "1"]
1.c4 g6
2.d4 c5
3.Ng1f3 cxd4
4.Nf3xd4 Ng8f6
5.Nb1c3 Bf8g7
6.e4 O-O
7.Bc1e3 Nb8c6
8.Bf1e2 d6
9.O-O Bc8d7
10.f3 { time. }
0-1

[Event "Match"]
[Site "www.echecsemail.com"]
[Date "2016.07.24"]
[Round "1"]
[White "Rindrandria"]
[Black "Ranjachess"]
[WhiteElo "1670"]
[BlackElo "1690"]
[Result "1/2-1/2"]
[Round "1"]
1.f4 d5
2.d4 Ng8f6
3.h3 Bc8f5
4.Ng1f3 e6
5.e3 a6
6.g4 Bf5e4
7.Bf1d3 Be4xf3
8.Qd1xf3 Bf8d6
9.g5 Nf6d7
10.h4 f5
11.c4 Bd6b4
12.Nb1d2 Qd8e7
13.cxd5 exd5
14.Bd3xf5 Nb8c6
15.a3 Bb4xd2
16.Bc1xd2 Nc6xd4
17.Qf3xd5 Nd4xf5
18.Qd5xf5 g6
19.Qf5g4 h5
20.Qg4g3 Nd7c5
21.Bd2b4 Nc5d3
22.Ke2 Nd3xb4
23.axb4 Qe7xb4
24.Qg3g2 Qb4xb2
25.Kf3 Qb2xg2
26.Kxg2 O-O-O
27.Ra1a2 Rh8f8
28.Rh1c1 Rd8d6
29.Kf3 b5
30.Ra2c2 Rf8f7
31.Rc2c6 Kb7
32.Rc6c5 Rf7f5
33.Ke4 Rd6e6
34.Rc5e5 Re6c6
35.Rc1b1 Rc6c4
36.Kf3 Rf5xe5
37.fxe5 Rc4c6
38.Ke4 Rc6c4
39.Kd5 c6
40.Kd6 Kc8
41.Rb1h1 b4
42.e6 Kd8
43.Ke5 b3
44.Kf6 b2
45.Rh1b1 Rc4c2
46.Kxg6 Ke7
47.Kf5 Rc2f2
48.Ke5 a5
49.g6 Kf8
50.Rb1g1 { draw }
1/2-1/2

[Event "Match"]
[Site "www.echecsemail.com"]
[Date "2016.07.24"]
[Round "1"]
[White "Guidom"]
[Black "Ericleo1980"]
[WhiteElo "2080"]
[BlackElo "2130"]
[Result "1/2-1/2"]
[Round "1"]
1.e4 c5
2.Ng1f3 d6
3.d4 cxd4
4.Nf3xd4 Ng8f6
5.Nb1c3 a6
6.Bc1e3 e6
7.Bf1e2 Bf8e7
8.O-O O-O
9.Kh1 Qd8c7
10.f4 b5
11.Be2d3 Bc8b7
12.Qd1e2 b4
13.Nc3d1 Nf6xe4
14.f5 e5
15.Nd4b3 Ne4f6
16.Be3g5 Nb8d7
17.c4 bxc3
18.Nd1xc3 d5
19.Ra1c1 Qc7d8
20.Rf1d1 e4
21.Bg5xf6 exd3
22.Qe2xe7 Nd7xf6
23.Qe7xd8 Ra8xd8
24.Rd1xd3 Rf8e8
25.h3 Re8e5
26.Nb3d4 h5
27.Rc1f1 Kf8
28.Kg1 Rd8e8
29.Rd3f3 Bb7a8
{ draw }
1/2-1/2

[Event "Match"]
[Site "www.echecsemail.com"]
[Date "2016.07.24"]
[Round "1"]
[White "Paco"]
[Black "Daquata"]
[WhiteElo "1890"]
[BlackElo "1750"]
[Result "0-1"]
[Round "1"]
1.e4 e5
2.Ng1f3 Nb8c6
3.Bf1c4 Bf8c5
4.d3 Ng8f6
5.Nf3g5 O-O
6.Nb1c3 d6
7.Nc3d5 Nf6xd5
8.exd5 Nc6a5
9.Bc4b5 a6
10.Bb5a4 b5
11.Ba4b3 Na5xb3
12.cxb3 Qd8f6
13.O-O Bc8b7
14.Qd1h5 h6
15.Ng5e4 Qf6g6
16.Qh5h4 Bc5b6
17.a4 Bb7xd5
18.Bc1e3 Bb6xe3
19.fxe3 Bd5xb3
20.axb5 axb5
21.Qh4e7 Bb3c2
22.Ra1xa8 Rf8xa8
23.Qe7xc7 Bc2xd3
24.Ne4xd6 Bd3xf1
25.Kxf1 Ra8a1
26.Ke2 Qg6xg2
27.Kd3 Ra1d1
{ resign }
0-1

[Event "Fast Game"]
[Site "www.echecsemail.com"]
[Date "2016.07.24"]
[Round "1"]
[White "Claudia"]
[Black "Jhzes"]
[WhiteElo "1859"]
[BlackElo "1680"]
[Result "0-1"]
[Round "1"]
1.d4 c5
2.d5 e5
3.c4 g6
4.Nb1c3 Ng8f6
5.e4 d6
6.Bf1d3 Bc8d7
7.Bc1e3 Nb8a6
8.f3 h5
9.Qd1d2 Ra8b8
10.Ng1e2 h4
11.O-O-O Qd8a5
12.g3 h3
13.f4 Bd7g4
14.fxe5 dxe5
15.Rh1f1 Bf8g7
16.Kb1 Na6b4
17.a3 Nb4xd3
18.Qd2xd3 Bg4xe2
19.Qd3xe2 O-O
20.Be3g5 Nf6h5
21.Rd1d3 f6
22.Bg5d2 f5
23.exf5 Qa5b6
24.fxg6 e4
25.Rf1xf8 Rb8xf8
26.Qe2xh5 Rf8f1
27.Ka2 exd3
28.Qh5h7 Kf8
29.Bd2h6 Rf1f2
30.Qh7xg7 Ke8
31.Qg7g8 Kd7
32.Qg8g7 Kc8
33.Qg7h8 Kd7
 { time }
0-1

[Event "Tourn. n8842"]
[Site "www.chess-mail.com"]
[Date "2016.07.25"]
[Round "1"]
[White "Malbertan"]
[Black "Cheminet"]
[WhiteElo "2010"]
[BlackElo "2070"]
[Result "1-0"]
[Round "1"]
1.f3 e5
2.Ng1h3 Bf8c5
3.e3 d6
4.Nh3f2 Bc8e6
5.d4 exd4
6.exd4 Bc5b6
7.c3 Nb8d7
8.Bf1d3 c5
9.Bc1e3 Ng8f6
10.Nf2e4  { time }
1-0

[Event "Tourn. n8845"]
[Site "www.chess-mail.com"]
[Date "2016.07.25"]
[Round "1"]
[White "Cal"]
[Black "Olddog55"]
[WhiteElo "1650"]
[BlackElo "1670"]
[Result "0-1"]
[Round "1"]
1.c4 e5
2.e4 Ng8f6
3.d3 c6
4.Nb1c3 Qd8a5
5.Bc1d2 Bf8c5
6.a3 Qa5b6
7.Ng1h3 d6
8.b3 O-O
9.Bf1e2 Bc8e6
10.O-O d5
11.cxd5 cxd5
12.b4 Bc5d4
13.Nc3a4 Qb6c7
14.Nh3g5 Bd4xa1
15.Qd1xa1 Nb8c6
16.Na4c5 Qc7d6
17.Nc5xb7 Qd6c7
18.Nb7c5 Nc6d4
19.Be2d1 dxe4
20.dxe4 Qc7d6
21.Bd2e3 a5
22.Nc5xe6 fxe6
23.Rf1e1 h6
24.Ng5h3 axb4
25.a4 Nf6xe4
26.Bd1g4 Nd4c2
27.Qa1d1 Nc2xe1
28.Qd1xe1 Ra8xa4
29.Bg4f3 b3
30.Bf3xe4 Ra4xe4
31.f3 Re4c4
32.Nh3f2 Qd6a3
33.Nf2d3 b2
34.Nd3xe5 Qa3a1
35.Kf2 b1Q
36.Qe1xb1 Qa1xb1
37.Kg3 Qb1e1
38.Kh3 Qe1h4
{ resign }
0-1

[Event "Tourn. n8602"]
[Site "www.chess-mail.com"]
[Date "2016.07.25"]
[Round "1"]
[White "Conde7"]
[Black "Starwind"]
[WhiteElo "2840"]
[BlackElo "2330"]
[Result "1-0"]
[Round "1"]
1.e4 e6
2.d4 d5
3.e5 c5
4.c3 Nb8c6
5.Ng1f3 Qd8b6
6.a3 c4
7.Bf1e2 Bc8d7
8.Nb1d2 Nc6a5
9.Ra1b1 Ng8e7
10.b4 cxb3
11.Nd2xb3 Bd7a4
12.Nb3xa5 Qb6xa5
13.Qd1d3 Qa5c7
14.O-O a6
15.Qd3e3 Ra8c8
16.Be2d3 h6
17.Bc1d2 Qc7d7
18.Nf3h4 b5
19.f4 g6
20.g4 Rh8g8
21.Kh1 Ne7c6
22.f5 gxf5
23.gxf5 Kd8
24.fxe6 fxe6
25.Nh4g6 Kc7
26.Ng6xf8 Rc8xf8
27.Rf1f6 Rf8e8
28.Qe3h3 Nc6d8
29.Rb1f1 Kb7
30.Bd3g6 Rg8xg6
31.Rf6xg6 Ba4c2
32.Rg6g3 Re8h8
33.Rf1f6 Bc2f5
34.Qh3h5 Qd7e7
35.Kg1 Rh8h7
36.Rf6xh6 Rh7f7
37.Rh6f6 Rf7h7
38.Qh5g5 Qe7e8
39.Rf6h6 Rh7f7
40.h4 Nd8c6
41.h5 Rf7c7
42.Qg5f6 b4
43.axb4 Nc6d8
44.Qf6h4 Qe8a4
45.Rg3g8 Nd8c6
46.Qh4e1 Qa4a2
47.Rh6f6 Bf5h7
48.Rg8g5 Nc6d8
49.h6 Kb6
50.Rg5g7 Qa2c2
51.Bd2g5 Nd8c6
52.Qe1d2 Rc7xg7
53.hxg7 Qc2e4
54.Rf6h6 Bh7g8
55.Rh6h8 Qe4b1
56.Kg2 Bg8h7
57.g8Q Bh7xg8
58.Rh8xg8 Qb1h7
59.Rg8f8 Nc6a7
60.Rf8f6  { time }
1-0

[Event "Tourn. n8815"]
[Site "www.chess-mail.com"]
[Date "2016.07.25"]
[Round "1"]
[White "Picifarkinca"]
[Black "Osopanda"]
[WhiteElo "1950"]
[BlackElo "1990"]
[Result "1-0"]
[Round "1"]
1.d4 d5
2.c4 e6
3.Nb1c3 Ng8f6
4.Bc1g5 Bf8e7
5.e3 c6
6.Ng1f3 O-O
7.Ra1c1 Nb8d7
8.cxd5 exd5
9.Bf1d3 Rf8e8
10.O-O Nd7f8
11.Qd1c2 Bc8g4
12.Nf3e5 Bg4e6
13.Rf1e1 Nf6e4
14.Bg5xe7 Qd8xe7
15.f3 Ne4xc3
16.bxc3 f6
17.Ne5g4 Qe7f7
18.e4 dxe4
19.Re1xe4 f5
20.Ng4e5 fxe4
21.Ne5xf7 Be6xf7
22.fxe4 Ra8d8
23.Rc1f1 Nf8e6
24.Qc2f2 Re8f8
25.Qf2b2 b6
26.Qb2a3 a5
27.Qa3e7 Rd8e8
28.Qe7d6 c5
29.d5 Ne6g5
30.Qd6xb6 Ng5xe4
31.c4 Ne4d2
32.Rf1d1 Bf7h5
33.g4 Nd2f3
34.Kg2 Bh5xg4
35.Qb6b1 Nf3g5
36.Rd1e1 Bg4f3
37.Kg3 Re8xe1
38.Qb1xe1 Bf3h5
39.Qe1e5 h6
40.Bd3f5 g6
41.Bf5e6 Ng5xe6
42.Qe5xe6 Kg7
43.Qe6e7 Rf8f7
44.Qe7xc5 Rf7f3
45.Kg2 Rf3f5
46.Qc5c7 Rf5f7
47.Qc7xa5 Bh5f3
48.Kg3 g5
49.Qa5c3 { resign }
1-0

[Event "Tourn. n8878"]
[Site "www.chess-mail.com"]
[Date "2016.07.25"]
[Round "1"]
[White "Raven16"]
[Black "Frisker"]
[WhiteElo "2260"]
[BlackElo "2240"]
[Result "1/2-1/2"]
[Round "1"]
1.d4 Ng8f6
2.c4 g6
3.Nb1c3 d5
4.cxd5 Nf6xd5
5.e4 Nd5xc3
6.bxc3 Bf8g7
7.Bf1c4 O-O
8.Ng1e2 c5
9.O-O Nb8c6
10.Bc1e3 Qd8a5
11.Ra1b1 cxd4
12.cxd4 a6
13.d5 Nc6e5
14.Bc4b3 Bc8g4
15.f3 Bg4d7
16.Ne2d4 Rf8c8
17.Qd1e2 Bd7e8
18.f4 Ne5d7
19.e5 Nd7c5
20.Be3d2 Qa5d8
21.Qe2f3 Nc5xb3
22.Rb1xb3 Rc8c5
23.Rb3xb7 Rc5xd5
24.Nd4b3 Be8c6
25.Bd2a5 Rd5xa5
26.Qf3xc6 Ra5xa2
27.Rb7d7 Qd8b8
28.Rd7xe7 Bg7f8
29.Re7b7 Qb8e8
30.Qc6xe8 Ra8xe8
{ draw }
1/2-1/2

[Event "Tourn. n8851"]
[Site "www.chess-mail.com"]
[Date "2016.07.25"]
[Round "1"]
[White "Leo57"]
[Black "Szustan"]
[WhiteElo "2800"]
[BlackElo "2580"]
[Result "1-0"]
[Round "1"]
1.Ng1f3 Nb8c6
2.d4 d5
3.c4 dxc4
4.d5 Nc6b8
5.e4 e6
6.Bf1xc4 exd5
7.Bc4xd5 Ng8f6
8.O-O Nf6xd5
9.exd5 Bf8e7
10.Nb1c3 O-O
11.Bc1f4 Bc8g4
12.h3 Bg4h5
13.Nc3b5 Be7d6
14.Nb5xd6 cxd6
15.Ra1c1 Rf8e8
16.Rf1e1 Re8xe1
17.Qd1xe1 Nb8a6
18.Nf3d4 Na6c5
19.Qe1d2 Qd8c7
20.b4 { resign }
1-0

[Event "Tourn. n8855"]
[Site "www.chess-mail.com"]
[Date "2016.07.25"]
[Round "1"]
[White "Cal"]
[Black "Gatrooper"]
[WhiteElo "1610"]
[BlackElo "1620"]
[Result "1-0"]
[Round "1"]
1.c4 c5
2.Nb1c3 a6
3.Ng1f3 Nb8c6
4.e4 e5
5.d3 h6
6.a3 Ng8f6
7.b3 d6
8.h3 Nc6d4
9.b4 Nd4xf3
10.Qd1xf3 Bf8e7
11.bxc5 dxc5
12.Bf1e2 Qd8d4
13.Bc1b2 Qd4d8
14.O-O O-O
15.a4 Nf6h7
16.Nc3d5 Bc8e6
17.Bb2xe5 f6
18.Be5c3 Nh7g5
19.Nd5xe7 Qd8xe7
20.Qf3h5 Be6f7
21.Qh5h4 Bf7e6
22.f4 Ng5h7
23.f5 Be6f7
24.Bc3d2 Qe7e5
25.Bd2f4 Qe5d4
26.Kh2 g5
27.Bf4xg5 fxg5
28.Qh4xh6 Qd4e5
29.g3 Nh7f6
30.Qh6xg5 Kh8
31.Rf1f4 Nf6h7
32.Qg5h4 Qe5xa1
33.f6 Qa1b2
34.Rf4g4 Qb2xe2
35.Kg1 Qe2e1
36.Kg2 Qe1e2
37.Kg1 Bf7e6
38.Rg4g7 Rf8g8
39.Qh4xh7 
1-0

[Event "Tourn. n8866"]
[Site "www.chess-mail.com"]
[Date "2016.07.25"]
[Round "1"]
[White "Osopanda"]
[Black "Picifarkinca"]
[WhiteElo "1970"]
[BlackElo "1960"]
[Result "1-0"]
[Round "1"]
1.c4 e6
2.d4 Ng8f6
3.Nb1c3 Bf8b4
4.f3 d5
5.e3 b6
6.Bf1d3 Bc8b7
7.Ng1e2 O-O
8.O-O Nb8d7
9.a3 Bb4e7
10.b3 c5
11.Bc1b2 Ra8c8
12.Qd1c2 cxd4
13.exd4 dxc4
14.bxc4 b5
15.Nc3xb5 a6
16.Nb5c3 Nd7b6
17.Nc3e4 Nf6d5
18.Ne4c5 Rc8xc5
19.dxc5 Nd5e3
20.Bd3xh7 Kh8
21.Qc2c3 Be7f6
22.Qc3xe3 Kxh7
23.Bb2xf6 { resign }
1-0

[Event "Tourn. n8876"]
[Site "www.chess-mail.com"]
[Date "2016.07.25"]
[Round "1"]
[White "Bojan"]
[Black "Bichoraro92"]
[WhiteElo "1920"]
[BlackElo "1909"]
[Result "0-1"]
[Round "1"]
1.b4 e5
2.a3 f5
3.Bc1b2 d6
4.e3 Ng8f6
5.Bf1c4 Qd8e7
6.Nb1c3 c6
7.d4 d5
8.Bc4b3 e4
9.Nc3e2 Qe7c7
10.h3 Bf8d6
11.g3 O-O
12.Ne2f4 g5
13.Nf4h5 f4
14.exf4 gxf4
15.Nh5xf4 Bd6xf4
16.gxf4 Qc7xf4
17.Bb2c1 Qf4f5
18.Bc1e3 a5
19.Ng1e2 Nf6h5
20.c4 Bc8e6
21.cxd5 cxd5
22.b5 Nb8d7
23.Kd2 Nd7b6
24.Ra1c1 Ra8c8
25.Rc1xc8 Rf8xc8
26.Rh1g1 Kh8
27.h4 Nb6c4
28.Bb3xc4 Rc8xc4
29.Rg1g5 Qf5f7
30.Ne2c1 Nh5f4
31.Qd1g1 Qf7c7
32.Qg1d1 a4
33.Nc1e2 Qc7a5
{ resign }
0-1

[Event "Tourn. n8789"]
[Site "www.chess-mail.com"]
[Date "2016.07.25"]
[Round "1"]
[White "Estonia"]
[Black "Claudia"]
[WhiteElo "1950"]
[BlackElo "1950"]
[Result "1-0"]
[Round "1"]
1.c4 c5
2.Nb1c3 Nb8c6
3.Ng1f3 d6
4.d4 cxd4
5.Nf3xd4 Ng8f6
6.Nd4b3 e6
7.Bc1g5 Bf8e7
8.g3 O-O
9.Bf1g2 a6
10.O-O Qd8c7
11.Ra1c1 h6
12.Bg5xf6 Be7xf6
13.e4 Rf8d8
14.f4 b6
15.Qd1g4 Bc8b7
16.f5 Nc6e5
17.Qg4e2 Qc7xc4
18.fxe6 fxe6
19.Qe2xc4 Ne5xc4
20.Bg2h3 Rd8e8
21.Rf1f2 b5
22.a4 Bf6xc3
23.bxc3 Bb7xe4
24.Bh3g2 Be4xg2
25.Rf2xg2 bxa4
26.Nb3d2 Nc4xd2
27.Rg2xd2 d5
28.Rd2d4 Re8c8
29.Rd4xa4 a5
30.Kf2 Kf7
31.Ke3 e5
32.c4 d4
33.Kd3 Ke6
34.Ke4  { time }
1-0

[Event "Tourn. n8788"]
[Site "www.chess-mail.com"]
[Date "2016.07.25"]
[Round "1"]
[White "Claudia"]
[Black "Julian"]
[WhiteElo "1880"]
[BlackElo "2050"]
[Result "0-1"]
[Round "1"]
1.d4 d5
2.c4 e6
3.Nb1c3 Ng8f6
4.cxd5 exd5
5.Bc1g5 Bf8e7
6.e3 O-O
7.Bf1d3 c6
8.Qd1c2 Bc8e6
9.Ng1f3 Nb8d7
10.O-O h6
11.Bg5h4 Ra8c8
12.Bh4xf6 Nd7xf6
13.Nf3e5 Nf6e4
14.Nc3xe4 dxe4
15.Bd3xe4 Be6d5
16.Be4xd5 cxd5
17.Qc2b3 b6
18.Rf1c1 Rc8xc1
19.Ra1xc1 Be7f6
20.Ne5c6 Qd8d7
21.Nc6b4 Rf8d8
22.Nb4d3 Qd7f5
23.Rc1c7 Rd8c8
24.Rc7xc8 Qf5xc8
25.h3 Qc8c4
26.Qb3xc4 dxc4
27.Nd3b4 Kf8
28.Kf1 Ke8
29.Ke2 Bf6d8
 { time }
0-1

[Event "Tourn. n8773"]
[Site "www.chess-mail.com"]
[Date "2016.07.25"]
[Round "1"]
[White "Comrade"]
[Black "Julian"]
[WhiteElo "2190"]
[BlackElo "2060"]
[Result "1-0"]
[Round "1"]
1.d4 d5
2.c4 e6
3.Nb1c3 Ng8f6
4.e3 c6
5.Bf1d3 Bf8e7
6.Ng1f3 O-O
7.Qd1c2 Nb8d7
8.O-O dxc4
9.Bd3xc4 b5
10.Bc4d3 a6
11.Nf3e5 Bc8b7
12.Rf1d1 Ra8c8
13.a3 b4
14.axb4 h6
15.Bd3xa6 Qd8b6
16.Ba6d3 Rf8d8
17.Bc1d2 Nd7xe5
18.Nc3a4 Ne5f3
19.gxf3 Qb6c7
20.Na4c5 Be7xc5
21.bxc5 Rc8a8
22.Kh1 Ra8xa1
23.Rd1xa1 Rd8a8
24.Ra1g1 Bb7a6
25.Bd3xa6 Ra8xa6
26.e4 h5
27.Bd2g5 Nf6e8
28.Qc2c4 Ra6a8
29.e5 Qc7b7
30.b4 Ra8a4
31.Bg5d2 Ne8c7
32.h4 Nc7d5
33.Rg1b1 Qb7e7
34.Bd2g5 f6
35.exf6 gxf6
36.Bg5d2 e5
37.Rb1g1 Kh7
38.Qc4c2 Kh8
39.Qc2xa4 { resign }
1-0

[Event "Match"]
[Site "www.echecsemail.com"]
[Date "2016.07.25"]
[Round "1"]
[White "Liencam2"]
[Black "Steel"]
[WhiteElo "2300"]
[BlackElo "1809"]
[Result "0-1"]
[Round "1"]
1.e4 c5
2.Nb1c3 e6
3.Ng1f3 Nb8c6
4.d4 cxd4
5.Nf3xd4 Ng8f6
6.Nd4b5 Bf8b4
7.a3 Bb4xc3
8.Nb5xc3 d5
9.Bf1d3 d4
10.Nc3e2 e5
11.O-O O-O
12.h3 Rf8e8
13.Ne2g3 Nf6d7
14.f4 exf4
15.Bc1xf4 Nd7e5
16.Qd1h5 f6
17.Ra1d1 Bc8e6
18.Bd3b5 Qd8b6
19.Bb5d3 Qb6xb2
20.Rd1b1 Qb2xa3
21.Rb1xb7 Re8e7
22.Rf1b1 Be6f7
23.Qh5e2 Re7xb7
24.Rb1xb7 a5
25.Ng3f5 Qa3f8
26.Qe2f2 a4
27.Nf5xd4 a3
28.Nd4b3 Bf7xb3
29.Qf2e1 Ne5xd3
30.cxd3 a2
31.Qe1a1 Qf8c5
32.Kh2 Qc5d4
33.Qa1xd4 Nc6xd4
{ resign }
0-1

[Event "Match"]
[Site "www.echecsemail.com"]
[Date "2016.07.25"]
[Round "1"]
[White "Libiesse"]
[Black "Ztornad"]
[WhiteElo "1910"]
[BlackElo "1750"]
[Result "1-0"]
[Round "1"]
1.d4 d5
2.c4 dxc4
3.Ng1f3 g6
4.Qd1a4 c6
5.Qa4xc4 Bc8e6
6.Qc4c2 Ng8f6
7.Nb1c3 Be6f5
8.Qc2b3 b5
9.Nf3e5 Bf5e6
10.Qb3c2 Nf6d5
11.e4 Nd5b4
12.Qc2d1 c5
13.d5 Be6xd5
14.exd5 f6
15.Bf1xb5 Nb4c6
16.Bb5xc6 Nb8xc6
17.Ne5xc6 Qd8b6
18.O-O h5
19.Qd1a4 Kf7
20.Rf1e1 a6
21.Qa4c4 Kg7
22.Re1e6 Qb6c7
23.Qc4xc5 Ra8e8
24.Qc5d4 h4
25.Nc3e4 Rh8h5
26.Ne4xf6 Kf7
27.Nf6xe8 Kxe8
28.Qd4f6 Rh5f5
29.Qf6xg6 Rf5f7
30.Bc1g5 Kd7
31.Qg6xf7 Qc7c8
32.Nc6e5 Kd8
33.Qf7xf8 Kc7
34.Ra1c1 { resign }
1-0

[Event "Match"]
[Site "www.echecsemail.com"]
[Date "2016.07.25"]
[Round "1"]
[White "Jhzes"]
[Black "Umutkrc"]
[WhiteElo "1920"]
[BlackElo "1800"]
[Result "1-0"]
[Round "1"]
1.d4 d6
2.c4 c6
3.Nb1c3 Ng8f6
4.f3 h6
5.e4 e6
6.b3 c5
7.dxc5 d5
8.cxd5 Bf8xc5
9.dxe6 Qd8xd1
10.Kxd1 Bc8xe6
11.Bf1b5 Be6d7
12.Bb5xd7 Nb8xd7
13.Nc3b5 O-O
14.Ng1e2 Nd7e5
15.Bc1f4 Ne5d3
16.Bf4g3 Ra8d8
17.Kc2 Nd3b4
18.Kc3 Rd8d3
19.Kc4 Rf8c8
20.Nb5xa7 Bc5xa7
21.Kxb4 Rd3d6
22.Bg3xd6 Rc8c6
23.Bd6e5 Ba7c5
24.Kb5 Nf6d7
25.Be5d4 Bc5a3
26.b4 Rc6a6
27.Rh1d1 Nd7b8
28.Rd1d3 Nb8c6
29.Ra1b1 Nc6a7
30.Bd4xa7 Ra6xa7
31.Kb6 { resign }
1-0

[Event "Match"]
[Site "www.echecsemail.com"]
[Date "2016.07.25"]
[Round "1"]
[White "Krystek23"]
[Black "Karpov35"]
[WhiteElo "2280"]
[BlackElo "1809"]
[Result "1-0"]
[Round "1"]
1.c4 Ng8f6
2.Nb1c3 e6
3.Ng1f3 d5
4.e3 Bf8e7
5.d4 c6
6.Bf1e2 dxc4
7.Be2xc4 b5
8.Bc4b3 Bc8b7
9.Bb3c2 a6
10.a3 Nb8d7
11.b4 O-O
12.Bc1d2 a5
13.Nc3e4 axb4
14.Ne4xf6 Nd7xf6
15.axb4 Nf6d5
16.O-O Nd5xb4
17.Bd2xb4 Be7xb4
18.Bc2xh7 Kxh7
19.Qd1b1 Kg8
20.Qb1xb4 Qd8b6
21.Nf3g5 Rf8c8
22.Qb4b1 g6
23.Ng5e4 Ra8xa1
24.Qb1xa1 b4
25.Qa1b2 Bb7a6
26.Rf1a1 Ba6c4
27.Ne4d6 { resign }
1-0

[Event "Match"]
[Site "www.echecsemail.com"]
[Date "2016.07.25"]
[Round "1"]
[White "Heiserman"]
[Black "Liencam2"]
[WhiteElo "2330"]
[BlackElo "2360"]
[Result "1-0"]
[Round "1"]
1.c4 e5
2.Nb1c3 Ng8f6
3.e4 Bf8c5
4.d3 d6
5.Bc1g5 c6
6.Bf1e2 Bc8e6
7.Ng1f3 a5
8.O-O Nb8d7
9.d4 exd4
10.Nf3xd4 O-O
11.Nc3a4 Qd8e7
12.Na4xc5 Nd7xc5
13.Nd4xe6 Nc5xe6
14.Bg5xf6 Qe7xf6
15.Be2g4 Rf8d8
16.Bg4xe6 Qf6xe6
17.Qd1e2 d5
18.cxd5 cxd5
19.Rf1e1 Rd8e8
20.e5 Ra8c8
21.Ra1d1 Rc8c5
22.f4 Re8c8
23.h3 Qe6b6
24.Qe2f2 Rc8c6
25.f5 Rc5c2
26.Qf2xb6 Rc6xb6
27.Rd1xd5 Kf8
28.Re1d1 Rc2c7
29.Rd5d8 Ke7
30.Rd8d6 Rb6xb2
31.f6 gxf6
32.exf6 { resign }
1-0

[Event "Match"]
[Site "www.echecsemail.com"]
[Date "2016.07.25"]
[Round "1"]
[White "Fieldfast"]
[Black "Kevinking"]
[WhiteElo "1499"]
[BlackElo "1840"]
[Result "1-0"]
[Round "1"]
1.d4 f5
2.c4 Ng8f6
3.Nb1c3 e6
4.Ng1f3 d5
5.Bc1f4 c6
6.e3 Bf8d6
7.Bf4g3 O-O
8.Bf1d3 Qd8e7
9.O-O Bc8d7
10.cxd5 exd5
11.Bg3xd6 Qe7xd6
12.Nf3e5 Bd7e6
13.Ra1b1 a5
14.Nc3a4 Nb8a6
15.a3 c5
16.Bd3xa6 Ra8xa6
17.Na4xc5 Ra6a7
18.Nc5xe6 Qd6xe6
19.g3 Ra7a8
20.Rb1c1 Rf8c8
21.Qd1d3 g6
22.Qd3b5 b6
23.Rc1c6  { time }
1-0

[Event "Match"]
[Site "www.echecsemail.com"]
[Date "2016.07.25"]
[Round "1"]
[White "Pellix84"]
[Black "Ztornad"]
[WhiteElo "1860"]
[BlackElo "1750"]
[Result "1-0"]
[Round "1"]
1.d4 d5
2.Ng1f3 Ng8f6
3.e3 Nf6e4
4.Bf1d3 a6
5.O-O Bc8g4
6.Nb1d2 Ne4xd2
7.Bc1xd2 Nb8c6
8.c3 e5
9.dxe5 Bg4xf3
10.Qd1xf3 Nc6xe5
11.Qf3e2 b5
12.Bd3f5 Ne5c4
13.e4 d4
14.cxd4 Qd8xd4
15.Bd2c3 Qd4b6
16.Ra1d1 f6
17.e5 Nc4xe5
18.Bc3xe5 Bf8e7
19.Qe2h5 Kf8
20.Be5d4 Be7c5
21.Bf5e4 Bc5xd4
22.Be4xa8 Qb6a7
23.Ba8c6 g6
24.Qh5d5 Bd4c5
25.Qd5d8 Kg7
26.Rd1d7 Kh6
27.Qd8xh8 Kg5
28.Rd7d5 Kh6
29.Qh8xf6 Bc5xf2
30.Rf1xf2 Qa7b8
{ time. }
1-0

[Event "Match"]
[Site "www.echecsemail.com"]
[Date "2016.07.25"]
[Round "1"]
[White "Billyg"]
[Black "Jhzes"]
[WhiteElo "1580"]
[BlackElo "1960"]
[Result "0-1"]
[Round "1"]
1.e4 e5
2.Ng1f3 Nb8c6
3.d4 exd4
4.Nf3xd4 Nc6xd4
5.Qd1xd4 Qd8e7
6.Bf1e2 c5
7.Qd4e3 Ng8f6
8.f3 d6
9.Nb1c3 a6
10.Bc1d2 h6
11.O-O-O b5
12.Rh1e1 Bc8d7
13.Qe3f4 b4
14.Nc3d5 Nf6h5
15.Qf4e3 Qe7d8
16.e5 Bf8e7
17.Nd5xe7 Qd8xe7
18.exd6 Qe7e6
19.Qe3xe6 fxe6
20.f4 Nh5f6
21.Be2d3 Nf6d5
22.f5 O-O
23.fxe6 Bd7c6
24.Bd3g6 Rf8f6
25.Bg6e4 Rf6xe6
26.c4 bxc3
27.bxc3 Re6xd6
28.Be4xd5 Bc6xd5
29.Bd2f4 Rd6d7
30.Re1e5 Ra8d8
31.Bf4e3 Bd5xa2
32.Rd1xd7 Rd8xd7
33.Be3xc5 Kf7
34.Bc5d4 g5
35.g4 Kg6
36.Re5c5 Rd7d6
37.Rc5a5 Ba2e6
38.Ra5a4 Be6xg4
39.Bd4e5 Rd6d1
40.Kc2 Rd1g1
41.Ra4xa6 Kf5
42.Ra6a5 Ke4
43.Be5f6 Rg1g2
44.Kb3 Rg2xh2
45.Ra5a4 Kf5
46.Bf6d4 Bg4d1
47.Kb4 Bd1xa4
48.Kxa4 Rh2h4
49.Kb5 Rh4xd4
50.cxd4 Ke6
51.Kc5 g4
52.d5 Kd7
53.Kd4 h5
54.Ke3 h4
55.Kf4 g3
{ resign }
0-1

[Event "1/128 Finale"]
[Site "www.chess-mail.com"]
[Date "2016.07.25"]
[Round "1"]
[White "Sik"]
[Black "Sportuga"]
[WhiteElo "1920"]
[BlackElo "1499"]
[Result "0-1"]
[Round "1"]
1.c4 e5
2.Nb1c3 Ng8f6
3.g3 d5
4.cxd5 Nf6xd5
5.Bf1g2 Bc8e6
6.e4 Nd5xc3
7.bxc3 Bf8e7
8.d4 exd4
9.cxd4 Be7b4
10.Bc1d2 Qd8xd4
11.Ng1e2 Bb4xd2
12.Qd1xd2 Qd4xa1
{ resign }
0-1

[Event "1/128 Finale"]
[Site "www.chess-mail.com"]
[Date "2016.07.25"]
[Round "1"]
[White "Passaroa25"]
[Black "Osopanda"]
[WhiteElo "1520"]
[BlackElo "1980"]
[Result "0-1"]
[Round "1"]
1.e4 c5
2.Ng1e2 Nb8c6
3.c3 d5
4.Ne2g3 d4
5.Bf1e2 e5
6.d3 Ng8e7
7.Nb1d2 g6
8.O-O Bf8g7
9.Nd2c4 O-O
10.Bc1d2 b5
11.Nc4a3 a6
12.Qd1c2 Bc8e6
13.f3 f5
14.Bd2g5 Qd8d7
15.b3 dxc3
16.Qc2xc3 Nc6d4
17.Qc3xc5 Rf8f7
18.Qc5c1 f4
19.Bg5xe7 Qd7xe7
20.Be2d1 Ra8c8
21.Qc1d2 fxg3
22.hxg3 Qe7xa3
23.g4 Qa3c5
24.Qd2a5 Bg7h6
25.Kh1 Bh6f4
26.Qa5xa6 Rf7a7
27.Qa6xa7 Qc5xa7
28.Rf1g1 Qa7g7
29.Rg1f1 Qg7h6
30.Kg1 Bf4e3
31.Rf1f2 Qh6h4
32.Ra1b1 Qh4xf2
33.Kh1 Qf2g1

0-1

[Event "1/128 Finale"]
[Site "www.chess-mail.com"]
[Date "2016.07.25"]
[Round "1"]
[White "Egdiogel"]
[Black "Gatrooper"]
[WhiteElo "2189"]
[BlackElo "1710"]
[Result "1-0"]
[Round "1"]
1.e4 e5
2.Ng1f3 Nb8c6
3.Bf1c4 d6
4.c3 Bc8e6
5.Bc4b5 a6
6.Bb5a4 b5
7.Ba4c2 Be6g4
8.d3 Bg4xf3
9.Qd1xf3 f6
10.O-O h6
11.Qf3h5 Kd7
12.Qh5f5 Ke8
13.Bc2b3 Ng8e7
14.Qf5g4 g6
15.Qg4e6 Rh8h7
16.Qe6xf6 d5
17.Bb3xd5 Ne7xd5
18.Qf6xg6 Rh7f7
19.Qg6xc6 Rf7d7
20.exd5 Bf8d6
21.c4 e4
22.c5 Bd6e7
23.Qc6g6 Kf8
24.Bc1xh6 { resign }
1-0

[Event "Eq:Slap Shot Mates-Los Tercios : "]
[Site "www.chess-mail.com"]
[Date "2016.07.25"]
[Round "1"]
[White "Heiserman"]
[Black "Leswamp"]
[WhiteElo "2360"]
[BlackElo "2380"]
[Result "0-1"]
[Round "1"]
1.c4 e5
2.Nb1c3 Ng8f6
3.e4 Bf8c5
4.Ng1e2 Nf6g4
5.d4 exd4
6.Ne2xd4 Ng4xf2
7.Kxf2 Qd8f6
8.Ke2 Bc5xd4
9.Nc3d5 Qf6f2
10.Kd3 Nb8a6
11.Qd1e2 { time. }
0-1

[Event "Tourn. n8881"]
[Site "www.chess-mail.com"]
[Date "2016.07.26"]
[Round "1"]
[White "Caspito"]
[Black "Jhzes"]
[WhiteElo "1860"]
[BlackElo "1870"]
[Result "1-0"]
[Round "1"]
1.e4 b6
2.d4 e6
3.Nb1c3 Bc8b7
4.Ng1f3 h6
5.Bf1d3 d5
6.e5 Ng8e7
7.O-O a6
8.a3 Nb8c6
9.b4 b5
10.Bc1f4 g5
11.Bf4g3 Bf8g7
12.Ra1c1 g4
13.Nf3h4 h5
14.Nc3e2 Rh8h6
15.c3 f6
16.exf6 Bg7xf6
17.Ne2f4 Bf6g5
18.Rc1c2 e5
19.dxe5 Nc6xe5
20.Rf1e1 Ne5xd3
21.Qd1xd3 Bg5xf4
22.Bg3xf4 Rh6f6
23.Bf4g5 Qd8d6
24.Bg5xf6 Kd7
25.Re1xe7 Kc6
26.Qd3f5 Ra8f8
27.Re7e6 { resign }
1-0